| 000 | 00372nam a2200121 4500 | ||
|---|---|---|---|
| 999 |
_c9774 _d9774 |
||
| 008 | 180717b ||||| |||| 00| 0 eng d | ||
| 100 |
_928976 _aHernando-Malipot, Merlina |
||
| 245 |
_aDepEd needs more science, math teachers/ _cMerlina Hernando-Malipot |
||
| 260 |
_aPhilippines _bManila Bulletin _cc2017 |
||
| 300 | _apage 5. | ||
| 650 | 0 |
_928977 _aTeachers. |
|
| 942 |
_2ddc _cPER |
||